000 00421nam a2200169Ia 4500
001 16101
003 IN-NITTTR
005 20251114233152.0
008 251113s9999||||xx |||||||||||||| ||eng||
040 _beng
040 _cIN-NITTTR
041 _aeng
082 _a005.758 G278Y
100 _aGeis, George
245 0 _aFrom personal financial management systems :
_b Using dBASEIII /
_cGeis, George
942 _2ddc
_cBK
999 _c18735
_d18735